000 00316nam a2200133Ia 4500
008 210210b1990 xxu||||| |||| 00| 0 eng d
082 _a346.016 DOWR
100 _a-
245 _aDowry prohibition act 1961.
260 _aLucknow
_bEastern Book Co
_c1990
300 _a37
690 _aMarriage Law
906 _a045200
999 _c94719
_d94719